000 00624nam a22002057a 4500
005 20170728145820.0
010 _aENG-119457
020 _a9788125056365
_c95.00
035 _aEN-102989
037 _bDBAD/PUB
082 _a401
245 _aLinguistics :
_cedited by Ashok Chaskar, Sanjay Pagre [and] Arjun Jadjav
_b an introduction /
260 _aHydrabad
_bOrient BlackSwan
_c2015
270 _a3-6-752,Himayat Nagar
_bHydrabad (Telagana)
_e500029
300 _a139p.
_b22cm(pbk)
700 _aChaskar,Ashok
700 _aPagre,Sanjay
700 _aJadjav,Arjun
942 _2ddc
_cEN
_mLIN
_h401
999 _c142965
_d142965